00443 2200181 4500001002100000005001700021006001900038008004100057020001800098035002500116041000700141082000800148090001400156100001700170245002400187260003100211300001900242INLIS00000000000193120140312122913.0a ||| | 180719| ||| | id  a979-24-4803-9 a0010-031300000001931 aid0 a813 a813S AR m0 aDewi Sartika00aMy Silly Engagement aJakartabPuspa Swarac2006 a168 hal, 20 cm